00893cam a22002771i 450000100090000000300040000900500170001300800410003001000170007102000180008804000230010604200150012904300120014405000250015608200140018110000440019524500940023926400460033330000230037933600210040233700250042333800230044850400510047165000570052265100360057921242781OSt20230718120532.0191016s2019 ke b 001 0 eng  a 2019350039 a9789966062963 aDLCbengcDLCerda alcodeapcc af-ke---00aJQ2947.A58bN96 2019 a321bNYO 1 aNyong'o, Peter Anyang',d1945-eauthor.10aPresidential or Parliamentary Democracy in KenyabChoices to be MadecP. Anyang' Nyong'o. 1aNairobi, Kenya :bBooktalk Africa,c2019. a203 pages ;c21 cm atext2rdacontent aunmediated2rdamedia avolume2rdacarrier aIncludes bibliographical references and index. 0aRepresentative government and representationzKenya. 0aKenyaxPolitics and government.